Periodic Table of Elements - One Minute Sprint - Statistics

General Stats
  • This quiz has been taken 482 times
  • The average score is 17 of 118
Answer Stats
# Symbol Element % Correct
1 H Hydrogen
90%
2 He Helium
75%
8 O Oxygen
75%
6 C Carbon
62%
5 B Boron
61%
3 Li Lithium
58%
7 N Nitrogen
58%
10 Ne Neon
52%
79 Au Gold
51%
47 Ag Silver
41%
11 Na Sodium
41%
26 Fe Iron
40%
12 Mg Magnesium
38%
18 Ar Argon
37%
19 K Potassium
37%
9 F Fluorine
33%
4 Be Beryllium
32%
17 Cl Chlorine
32%
29 Cu Copper
32%
16 S Sulfur
28%
13 Al Aluminium
27%
20 Ca Calcium
27%
54 Xe Xenon
27%
30 Zn Zinc
27%
82 Pb Lead
23%
36 Kr Krypton
22%
50 Sn Tin
21%
86 Rn Radon
18%
14 Si Silicon
18%
35 Br Bromine
17%
22 Ti Titanium
17%
27 Co Cobalt
16%
15 P Phosphorus
16%
88 Ra Radium
16%
92 U Uranium
16%
53 I Iodine
15%
56 Ba Barium
14%
25 Mn Manganese
14%
80 Hg Mercury
14%
28 Ni Nickel
14%
33 As Arsenic
12%
31 Ga Gallium
11%
21 Sc Scandium
11%
24 Cr Chromium
10%
32 Ge Germanium
10%
94 Pu Plutonium
10%
23 V Vanadium
10%
37 Rb Rubidium
9%
34 Se Selenium
9%
83 Bi Bismuth
8%
87 Fr Francium
8%
78 Pt Platinum
8%
38 Sr Strontium
8%
55 Cs Cesium
7%
118 Og Oganesson
7%
39 Y Yttrium
7%
40 Zr Zirconium
7%
51 Sb Antimony
6%
85 At Astatine
6%
84 Po Polonium
6%
45 Rh Rhodium
6%
74 W Tungsten
6%
48 Cd Cadmium
5%
49 In Indium
5%
46 Pd Palladium
5%
89 Ac Actinium
4%
95 Am Americium
4%
58 Ce Cerium
4%
96 Cm Curium
4%
99 Es Einsteinium
4%
68 Er Erbium
4%
57 La Lanthanum
4%
41 Nb Niobium
4%
44 Ru Ruthenium
4%
65 Tb Terbium
4%
81 Tl Thallium
4%
90 Th Thorium
4%
70 Yb Ytterbium
4%
42 Mo Molybdenum
3%
93 Np Neptunium
3%
76 Os Osmium
3%
59 Pr Praseodymium
3%
73 Ta Tantalum
3%
43 Tc Technetium
3%
52 Te Tellurium
3%
107 Bh Bohrium
2%
98 Cf Californium
2%
110 Ds Darmstadtium
2%
66 Dy Dysprosium
2%
63 Eu Europium
2%
64 Gd Gadolinium
2%
108 Hs Hassium
2%
77 Ir Iridium
2%
91 Pa Protactinium
2%
75 Re Rhenium
2%
104 Rf Rutherfordium
2%
117 Ts Tennessine
2%
69 Tm Thulium
2%
97 Bk Berkelium
1%
105 Db Dubnium
1%
100 Fm Fermium
1%
72 Hf Hafnium
1%
67 Ho Holmium
1%
103 Lr Lawrencium
1%
71 Lu Lutetium
1%
109 Mt Meitnerium
1%
101 Md Mendelevium
1%
115 Mc Moscovium
1%
60 Nd Neodymium
1%
113 Nh Nihonium
1%
102 No Nobelium
1%
61 Pm Promethium
1%
111 Rg Roentgenium
1%
62 Sm Samarium
1%
106 Sg Seaborgium
1%
112 Cn Copernicium
0%
114 Fl Flerovium
0%
116 Lv Livermorium
0%
No matching quizzes found
Score Distribution
Percent of People with Each Score
Percentile by Number Answered
Your Score History
You have not taken this quiz